Music Quiz

Random Music Quiz
Score 0/142 Timer 20:00
0 Plays Today
Answer % Correct
Pour
100%
un
100%
flirt
100%
avec
100%
toi
100%
Je
100%
ferais
100%
n'importe
100%
quoi
100%
Pour
100%
un
100%
flirt
100%
avec
100%
toi
100%
Je
100%
serais
100%
à
100%
Pour
100%
un
100%
Pour
100%
un
100%
flirt
100%
avec
100%
toi
100%
Pour
100%
un
100%
un
100%
tes
100%
Pour
100%
un
100%
tes
100%
Je
100%
à
100%
Pour
100%
un
100%
flirt
100%
avec
100%
toi
100%
Je
100%
Pour
100%
un
100%
Pour
100%
un
100%
flirt
100%
avec
100%
toi
100%
Pour
100%
un
100%
Answer % Correct
un
100%
tes
100%
Pour
100%
un
100%
tes
100%
Je
100%
ferais
100%
Pour
100%
te
100%
un
100%
Pour
100%
un
100%
flirt
100%
avec
100%
toi
100%
Je
100%
ferais
100%
Pour
100%
Pour
100%
un
100%
flirt
100%
avec
100%
toi
100%
Pour
100%
un
100%
un
100%
tes
100%
Pour
100%
un
100%
tes
100%
petit
92.3%
tour,
92.3%
petit
92.3%
jour
92.3%
Entre
92.3%
bras
92.3%
petit
92.3%
tour,
92.3%
au
92.3%
petit
92.3%
jour
92.3%
Entre
92.3%
petit
92.3%
tour,
92.3%
petit
92.3%
jour
92.3%
Entre
92.3%
bras
92.3%
Answer % Correct
petit
92.3%
tour,
92.3%
au
92.3%
petit
92.3%
jour
92.3%
Entre
92.3%
des
92.3%
petit
92.3%
tour,
92.3%
petit
92.3%
jour
92.3%
Entre
92.3%
bras
92.3%
petit
92.3%
tour,
92.3%
au
92.3%
petit
92.3%
jour
92.3%
Entre
92.3%
prêt
84.6%
tout
84.6%
simple
84.6%
rendez-vous
84.6%
draps
84.6%
tout
84.6%
baiser
84.6%
draps
84.6%
draps
84.6%
me
76.9%
seul
76.9%
volé
76.9%
pourrais
61.5%
faire
61.5%
pourrais
61.5%
damner
61.5%
dans
61.5%
ton
61.5%
quitter
53.8%
Quitte
53.8%
peu
53.8%
folies
53.8%
arriver
53.8%
lit
53.8%
démodé
38.5%
l'amoureux
38.5%
câliner
38.5%

You're not logged in!

Compare scores with friends on all Sporcle quizzes.
OR
Log In

Sporcle TV

Today on Sporcle TV


Watch our educational content, quiz creation guides, and fun videos on Sporcle TV.

Show Comments

Extras

Created Nov 30, 2019SourceReportNominate
Tags:michel, parole

Top Quizzes Today


Score Distribution

Paid Content

Your Account Isn't Verified!

In order to create a playlist on Sporcle, you need to verify the email address you used during registration. Go to your Sporcle Settings to finish the process.

Report this User

Report this user for behavior that violates our Community Guidelines.

Details: